| 000 | 00427nam a2200133Ia 4500 | ||
|---|---|---|---|
| 008 | 170221s9999 xx 000 0 und d | ||
| 100 | _aA.O. Diala | ||
| 245 | _aEffects of Exchange Rate Volatility on Commercial Property Returns in Nigeria | ||
| 245 | _cA.O. Diala, I.U. Kalu, A. Igwe-Kalu | ||
| 260 | _c2012 | ||
| 300 | _a32 : 18 | ||
| 650 | _xBusiness | ||
| 856 | _uhttp://www.globip.com/articles/african-vol10-article3.pdf | ||
| 999 |
_c311398 _d311398 |
||